Devine le joueur avec la carrière PRO - Statistiques

Statistiques générales
  • Ce quiz a été pris 494 fois
  • Le résultat moyen est 8 sur 10
Statistiques - réponses
Par images Réponse % Correct
Cavani
95%
Di Maria
95%
Mané
90%
Suarez
90%
Aubameyang
89%
Rudiger
80%
Falcao
79%
Dante
78%
Morata
74%
Drogba
72%
Aucun quiz correspondant
Distribution des résultats
% des personnes avec chaque résultat
Percentile par nombre de réponses
Votre historique - résultats
Vous n’avez pas pris ce quiz